[Event "Kragero Resort Chess A 2019"]
[Site "Kragero"]
[Date "2019.02.23"]
[Round "6.11"]
[White "Hauge, Lars Oskar"]
[Black "Ingebretsen, Jens E"]
[Result "1/2-1/2"]
[WhiteElo "2476"]
[BlackElo "2297"]
[Annotator "TA"]
[PlyCount "137"]
[EventDate "2019.02.20"]
[EventType "swiss"]
[EventCountry "NOR"]
[SourceTitle "playchess.com"]
[Source "ChessBase"]
[SourceQuality "1"]

{[%evp 11,137,15,8,8,8,0,11,0,17,13,76,92,79,78,74,90,108,101,103,105,134,130,131,76,93,76,79,47,43,58,62,46,49,0,39,48,38,48,55,60,65,24,24,14,9,-32,-15,-27,-16,-46,-41,-118,-117,-119,-97,-92,-86,-74,0,-126,-76,-41,-8,-8,-8,-8,-7,-99,-109,-117,-113,-85,-8,-8,-8,-8,-8,-8,-8,-8,-8,-20,1,0,0,-55,-18,-18,-18,-18,0,0,0,0,0,-13,-13,-13,0,0,0,0,0,0,0,0,0,0,0,0,8,0,8,8,8,8,8,8,8,8,8,8,8,8,8,8,8,0]} 1. e4 c5 2. Nc3 Nc6 3. f4 e6 4. Nf3 d5 5. Bb5 Nge7 6. exd5 Nxd5 7. Bxc6+ {B23: Closed Sicilian: Lines without g3} (7. Ne5 Bd7 8. Bxc6 Bxc6 9. Nxc6 bxc6 10. Qf3 g6 11. b3 Nb4 12. O-O Bg7 13. Bb2 O-O 14. Qd1 c4 15. bxc4 {0-1 (51) Simacek,P (2464)-Shirov,A (2683) Czechia 2015}) 7... bxc6 8. d3 Bd6 9. O-O Nxf4 10. Ne4 {White wants to play Nfg5.} f5 $146 (10... O-O $11) ({Predecessor:} 10... O-O 11. Nxd6 Qxd6 12. Qe1 Nd5 13. Nd2 Qe7 14. Qf2 e5 {1-0 (45) Giese,G (2435)-Konstantinov,M (2225) LSS email 2014}) 11. Nxd6+ $16 Qxd6 12. b3 O-O 13. Bb2 {[%mdl 1024] White has strong compensation.} Ng6 14. Qe1 f4 15. Qc3 {[%csl Gb2][%cal Rc3g7] [#]} Rf6 16. Rae1 Bd7 17. Ng5 (17. Re4 $142) 17... e5 18. Ne4 Qd4+ 19. Qxd4 (19. Rf2 {is interesting.} Rf7 20. Nxc5 Qd5 21. Nxd7 Rxd7 22. Re4) 19... cxd4 20. Nxf6+ gxf6 21. g3 Kf7 22. Bc1 {[%cal Rg3f4]} Rg8 23. Kf2 fxg3+ 24. hxg3 h5 25. Rh1 Bg4 26. Bd2 Ne7 27. b4 Nd5 28. Rb1 f5 $1 29. Rhe1 Re8 $1 30. b5 e4 31. Ba5 (31. Bf4 $15) 31... e3+ $17 32. Kg2 c5 33. b6 axb6 34. Bxb6 e2 (34... Rc8 $17) 35. Kg1 (35. Bxc5 $11 {keeps the balance.} Ne3+ 36. Kf2) 35... Nc3 36. Rb3 Rc8 (36... Re3 $5 {[%cal Re3g3]} 37. Bc7 Rf3 $11) 37. Ba5 $132 {[%mdl 2048] White is not holding back} Nd1 38. Bd2 Bf3 {Strongly threatening ...Rg8.} 39. Rb5 (39. Ra3 $11 {remains equal.}) 39... Rg8 40. Bf4 {[#]} h4 $1 {[%cal Rh4g3]} 41. Rxc5 hxg3 ({Black should try} 41... Kf6 $17 {Hoping for ...Rg4.} 42. Be5+ Kg6) 42. Rxf5+ $11 Ke6 43. Re5+ $1 Kf6 {( -> ...Rh8)} 44. R5xe2 Bxe2 45. Rxe2 {[%mdl 4096] Endgame Threatens to win with Be5+. KRB-KRN} Kf5 46. Bc7 Nc3 47. Re5+ Kg4 48. a3 ({Better is} 48. Bb6 $11) 48... Rf8 (48... Kf3 $5 {[%cal Rc3e2]} 49. Rf5+ Ke2 $15) 49. Re7 {The position is equal.} Kf3 50. Rg7 Ne2+ 51. Kf1 Rf5 52. Ke1 g2 (52... Rf6 {feels hotter.} 53. a4 g2 54. Bh2 Rh6 55. Rf7+ Ke3) 53. Rxg2 Kxg2 54. Kxe2 {KR-KB} Rf2+ 55. Kd1 Rf1+ 56. Kd2 Kf3 57. Bd6 Rf2+ 58. Kc1 Ke2 59. a4 {[%cal Ba3a4,Ba4a5,Ba5a6,Ba6a7][%mdl 32]} Rf1+ 60. Kb2 Kd1 61. a5 {Black must now prevent a6.} Rf2 62. a6 Rxc2+ 63. Kb3 {aiming for a7.} Rc6 64. a7 Ra6 {And now ...Kd2 would win.} 65. Bc5 Kd2 66. Kc4 Ra4+ 67. Kb5 Rxa7 $1 68. Bxa7 {Kc4 would kill now.} Kxd3 69. Bxd4 {Accuracy: White = 50%, Black = 60%.} 1/2-1/2

[Event "Kragero Resort Chess A 2019"]
[Site "Kragero"]
[Date "2019.02.23"]
[Round "6.12"]
[White "Thorfinnsson, Bragi"]
[Black "Sgircea, Silvia-Raluca"]
[Result "1/2-1/2"]
[WhiteElo "2438"]
[BlackElo "2251"]
[Annotator "TA"]
[PlyCount "103"]
[EventDate "2019.02.20"]
[EventType "swiss"]
[EventCountry "NOR"]
[SourceTitle "playchess.com"]
[Source "ChessBase"]
[SourceQuality "1"]

{[%evp 19,103,31,37,0,14,-5,27,26,68,89,67,61,97,80,82,79,73,70,77,79,122,129,135,132,134,132,129,89,95,95,100,88,100,96,89,35,30,27,17,11,33,11,15,16,16,11,9,9,11,13,8,-50,-48,-41,-33,-25,-25,-52,-48,-48,-22,-93,0,0,0,-93,-93,-109,-109,-425,-79,-83,-5,-12,0,0,0,0,0,0,0,0,0,0,0,0]} 1. e4 c5 2. Nf3 Nc6 3. Bb5 g6 4. Bxc6 bxc6 5. O-O Bg7 6. Re1 Nh6 7. c3 O-O 8. h3 {B31: Sicilian: 2...Nc6 3 Bb5 g6} f5 9. e5 Nf7 10. d3 Rb8 {LiveBook: 16 Games} 11. Qc2 $146 ({Predecessor:} 11. b3 d6 12. Bf4 Qc7 13. Qe2 Nd8 14. Nbd2 Ne6 15. Qe3 Nxf4 16. Qxf4 {½-½ (49) Inarkiev,E (2702)-Gelfand,B (2729) Nazran 2017}) 11... d6 {[%cal Rf7e5]} 12. d4 dxe5 13. dxe5 Be6 14. c4 Qc7 15. Qe2 h6 16. h4 Nd8 17. Nc3 Bf7 18. b3 Ne6 19. Na4 Rfd8 20. Ba3 Nd4 21. Nxd4 Rxd4 22. Bb2 $1 Re4 23. Qc2 Rxe5 24. Bxe5 Bxe5 25. Rxe5 Qxe5 26. Rd1 g5 27. Qc3 (27. hxg5 $16 hxg5 28. Qd2) 27... Qxc3 $14 28. Nxc3 {[%mdl 4096] Endgame KRB-KRN} Be6 29. Na4 f4 30. Nxc5 Bf5 31. f3 Kf7 32. Kf2 Rg8 33. hxg5 hxg5 34. Nb7 Kf6 35. c5 (35. g4 $11 fxg3+ 36. Kxg3) 35... Rb8 36. Na5 Rb5 37. Nxc6 {Strongly threatening b4.} Rxc5 38. Nd4 e5 39. Nxf5 {aiming for Nd6.} Kxf5 $15 {KR-KR} 40. Rd2 (40. g4+ $11 {remains equal.} fxg3+ 41. Kxg3) 40... e4 (40... g4 $1 $17) 41. fxe4+ $11 Kxe4 42. b4 (42. Re2+ $11 Kf5 43. Re7) 42... Rc4 $1 $17 43. Rb2 {[#]} g4 $1 {[%cal Rg4g3] ...g3+ is the strong threat.} 44. Ke2 $2 {[%mdl 8192]} (44. Re2+ $17 Kf5 45. Re7) 44... Kd4 $2 (44... Rc1 $19 {and Black stays clearly on top.} 45. Rd2 g3) 45. Rd2+ {[#]} Kc3 (45... Ke5 $1 $17 46. a3 Re4+ 47. Kf1 Re3) 46. Rd7 $11 {The position is equal.} Kxb4 {White must now prevent ...Rc2+.} 47. Rxa7 Rc2+ 48. Kf1 f3 49. gxf3 gxf3 50. Rb7+ Ka3 51. Rb3+ Kxa2 52. Rxf3 {Precision: White = 54%, Black = 50%.} 1/2-1/2

[Event "Kragero Resort Chess A 2019"]
[Site "Kragero"]
[Date "2019.02.23"]
[Round "6.13"]
[White "Lund, Gunnar"]
[Black "Osmak, Iulija"]
[Result "0-1"]
[WhiteElo "2211"]
[BlackElo "2394"]
[Annotator "ChessBase"]
[PlyCount "120"]
[EventDate "2019.02.20"]
[EventType "swiss"]
[EventCountry "NOR"]
[SourceTitle "playchess.com"]
[Source "ChessBase"]
[SourceQuality "1"]
[TimeControl "5400+30"]

1. e4 {[%emt 0:00:00]} e6 {[%emt 0:04:11]} 2. d4 {[%emt 0:00:00]} d5 {[%emt 0:00:12]} 3. exd5 {[%emt 0:00:00]} exd5 {[%emt 0:00:15]} 4. Nf3 {[%emt 0:00:02]} Nc6 {[%emt 0:00:34]} 5. Bb5 {[%emt 0:00:07]} Bd6 {[%emt 0:00:38]} 6. O-O {[%emt 0:00:14]} Nge7 {[%emt 0:00:19]} 7. Bg5 {[%emt 0:06:53]} O-O {[%emt 0:03:57]} 8. Bh4 {[%emt 0:03:14]} a6 {[%emt 0:08:01]} 9. Be2 {[%emt 0:08:56]} Bf5 {[%emt 0:01:34]} 10. c3 {[%emt 0:00:34]} Qd7 {[%emt 0:01:18]} 11. Nbd2 {[%emt 0:18:39]} Ng6 {[%emt 0:01:41]} 12. Bg3 {[%emt 0:01:39]} Nf4 {[%emt 0:00:55]} 13. Re1 {[%emt 0:00:46]} Rfe8 {[%emt 0:04:22]} 14. Nf1 {[%emt 0:01:20]} Bg4 {[%emt 0:06:01]} 15. Bxf4 {[%emt 0:14:19]} Bxf4 {[%emt 0:00:21]} 16. Ng3 {[%emt 0:00:21]} Qd6 {[%emt 0:07:18]} 17. Qd3 {[%emt 0:01:46]} g6 {[%emt 0:01:25]} 18. Bf1 {[%emt 0:00:59]} h5 {[%emt 0:04:29]} 19. Ne2 {[%emt 0:08:28]} Bh6 {[%emt 0:04:38]} 20. Ng3 {[%emt 0:01:43]} Qf6 {[%emt 0:01:22]} 21. h3 {[%emt 0:06:28]} Bxf3 {[%emt 0:02:40]} 22. Qxf3 {[%emt 0:00:07]} Qxf3 {[%emt 0:00:07]} 23. gxf3 {[%emt 0:00:04]} h4 {[%emt 0:02:11]} 24. Ne2 {[%emt 0:00:23]} Re6 {[%emt 0:03:48]} 25. Red1 {[%emt 0:00:33]} Rae8 {[%emt 0:03:08]} 26. Nc1 {[%emt 0:00:24]} Rf6 {[%emt 0:01:08]} 27. Nd3 {[%emt 0:00:47]} Rxf3 {[%emt 0:03:00]} 28. Bg2 {[%emt 0:06:05]} Rf5 {[%emt 0:00:29]} 29. Re1 {[%emt 0:02:48]} Rb8 {[%emt 0:03:01]} 30. Re2 {[%emt 0:02:24]} b6 {[%emt 0:04:15]} 31. Rae1 {[%emt 0:02:39]} Kf8 {[%emt 0:01:26]} 32. b4 {[%emt 0:01:05]} Rd8 {[%emt 0:04:00]} 33. a4 {[%emt 0:02:14]} Bg5 {[%emt 0:03:28]} 34. b5 {[%emt 0:01:14]} axb5 {[%emt 0:00:18]} 35. axb5 {[%emt 0:00:07]} Na7 {[%emt 0:01:25]} 36. Rb2 {[%emt 0:01:36]} Nc8 {[%emt 0:05:13]} 37. Nb4 {[%emt 0:03:31]} Ne7 {[%emt 0:01:04]} 38. Ra1 {[%emt 0:00:56]} Bf4 {[%emt 0:00:55]} 39. Rba2 {[%emt 0:02:05]} Kg7 {[%emt 0:02:18]} 40. Ra8 {[%emt 0:00:11]} Rd6 {[%emt 0:02:54]} 41. R1a2 {[%emt 0:01:46]} Re6 {[%emt 0:00:42]} 42. Nd3 {[%emt 0:00:06]} Bd6 {[%emt 0:00:52]} 43. Kf1 {[%emt 0:01:32]} Ng8 {[%emt 0:02:48]} 44. Re2 {[%emt 0:01:46]} Rxe2 {[%emt 0:01:17]} 45. Kxe2 {[%emt 0:00:02]} Nf6 {[%emt 0:00:04]} 46. Ne1 {[%emt 0:01:33]} Rg5 {[%emt 0:02:51]} 47. Bf3 {[%emt 0:00:15]} Ne4 {[%emt 0:00:37]} 48. Bxe4 {[%emt 0:00:30]} dxe4 {[%emt 0:00:05]} 49. c4 {[%emt 0:00:08]} Kf6 {[%emt 0:02:55]} 50. Nc2 {[%emt 0:00:15]} Ke7 {[%emt 0:00:54]} 51. Rh8 {[%emt 0:00:21]} f5 {[%emt 0:00:41]} 52. Rxh4 {[%emt 0:00:37]} f4 {[%emt 0:00:11]} 53. Rg4 {[%emt 0:00:31]} Rh5 {[%emt 0:01:07]} 54. h4 {[%emt 0:01:11]} Kf6 {[%emt 0:00:12]} 55. f3 {[%emt 0:00:04]} Kf5 {[%emt 0:01:05]} 56. Ne1 {[%emt 0:00:09]} Be7 {[%emt 0:00:30]} 57. Ng2 {[%emt 0:00:02]} g5 {[%emt 0:00:07]} 58. hxg5 {[%emt 0:01:51]} Bxg5 {[%emt 0:00:05]} 59. Ne1 {[%emt 0:00:06]} exf3+ {[%emt 0:00:28]} 60. Kxf3 {[%emt 0:00:07]} Rh3+ {[%emt 0:00:04]} 0-1

[Event "Kragero Resort Chess A 2019"]
[Site "Kragero"]
[Date "2019.02.23"]
[Round "6.14"]
[White "Fossum, Oystein Boyum"]
[Black "Miedema, David"]
[Result "0-1"]
[WhiteElo "2250"]
[BlackElo "2356"]
[Annotator "TA"]
[PlyCount "80"]
[EventDate "2019.02.20"]
[EventType "swiss"]
[EventCountry "NOR"]
[SourceTitle "playchess.com"]
[Source "ChessBase"]
[SourceQuality "1"]

{[%evp 16,80,-45,-58,-55,-52,-48,-56,-54,-81,-56,-72,-74,-65,-68,-72,-54,-88,-38,-84,-84,-77,-75,-87,-76,-81,-77,-97,0,-81,-77,-137,-149,-194,-189,-197,-171,-169,-160,-316,-333,-312,-327,-327,-299,-498,-498,-491,-485,-498,-497,-552,-540,-569,-567,-549,-544,-558,-421,-877,-629,-1006,-850,-835,-826,-800,-783]} 1. Nf3 d5 2. c4 d4 3. g3 Nc6 4. Bg2 e5 5. d3 Bb4+ 6. Bd2 a5 7. O-O Nf6 8. a3 Be7 9. Bg5 O-O {A07: Réti Opening: New York and Capablanca Systems} 10. Nbd2 h6 (10... a4 11. b4 axb3 12. Nxb3 Rxa3 13. Rxa3 Bxa3 14. Qa1 Be7 {0-1 (47) Wiewiora,E (2320)-Rodshtein,M (2699) Katowice 2017}) 11. Bxf6 $1 Bxf6 {Black is slightly better.} 12. Rb1 Be7 $146 ({Predecessor:} 12... a4 13. b4 axb3 14. Rxb3 {0-1 (26) Soto,C (2150)-Panesso Rivera,H (2419) Medellin 2017}) 13. b4 axb4 14. axb4 Nxb4 {[%cal Bc6b4,Bb4a2,Ba2c3][%mdl 32]} 15. Nxe5 c6 16. Nb3 Bf6 17. Nf3 Na2 {Threatens to win with ...Nc3.} 18. Qc2 Nc3 19. Ra1 Rxa1 20. Rxa1 Re8 21. Re1 Qb6 {[#]} ({Black should play} 21... Bf5 $17 22. Bf1 b5 23. cxb5 cxb5) 22. Nc1 (22. Nfxd4 $1 $11 {[%mdl 512]} Bxd4 23. Nxd4 Qxd4 24. e3) 22... Bf5 $36 {[%mdl 2048] Black has strong initiative.} 23. Na2 (23. Nd2 $142) 23... Ra8 $17 24. Nxc3 dxc3 25. Rb1 Qa7 26. Ne1 {[#]} Qa2 $1 27. Rc1 $2 {[#]} (27. Qd1 $17 {might work better.}) 27... Qb2 $1 $19 28. Be4 Bxe4 29. dxe4 {White hopes to continue with Nd3.} Ra2 30. c5 $2 (30. Qd1) 30... Qa3 {Black is clearly winning.} 31. Qb1 Rxe2 32. Rc2 Rxe4 33. Nd3 Qa6 34. Ra2 Ra4 35. Rxa4 Qxa4 36. Ne1 Qb5 37. Qf5 (37. Qxb5 $142 cxb5 38. Nc2) 37... Be7 38. Nf3 Qxc5 39. Ne5 Bf6 40. Qc8+ Qf8 {Accuracy: White = 23%, Black = 82%.} 0-1

[Event "Kragero Resort Chess A 2019"]
[Site "Kragero"]
[Date "2019.02.23"]
[Round "6.15"]
[White "Ranaldi, Lucas"]
[Black "Doluhanova, Evgeniya"]
[Result "1/2-1/2"]
[WhiteElo "2229"]
[BlackElo "2348"]
[Annotator "TA"]
[PlyCount "98"]
[EventDate "2019.02.20"]
[EventType "swiss"]
[EventCountry "NOR"]
[SourceTitle "playchess.com"]
[Source "ChessBase"]
[SourceQuality "1"]

{[%evp 14,98,33,0,25,19,25,11,16,23,34,25,26,45,55,28,89,87,77,76,98,21,27,12,14,4,0,-43,-35,-56,-16,-19,-14,-39,36,39,26,22,26,14,443,0,0,2,26,16,9,0,32,32,32,33,34,0,0,-27,-3,-2,0,0,0,0,0,0,0,0,0,0,8,0,0,0,0,0,0,0,0,0,0,0,0,0,0,0,0,0,0]} 1. c4 Nf6 2. g3 e6 3. Bg2 d5 4. Nf3 c6 5. b3 b5 6. O-O Be7 7. Qc2 O-O 8. Bb2 bxc4 {A14: English Opening: 1...e6 with b3 by White} (8... Bb7 9. d3 a5 10. Nc3 a4 11. cxd5 exd5 12. bxa4 b4 13. Nd1 Qa5 14. Ne3 Qxa4 15. Qc1 Bc8 16. Nd4 {1-0 (27) Flores,D (2567)-Kovalyov,A (2643) Medellin 2017}) 9. bxc4 Ba6 10. d3 Nbd7 11. Nbd2 Rb8 12. e4 dxe4 13. dxe4 Nc5 14. e5 $146 ({Predecessor:} 14. Nd4 Qc7 15. e5 Qxe5 16. Rab1 {1-0 (29) Stella,A (2458)-Ubezio,M (2136) Biella 2013}) 14... Ng4 (14... Nfd7 $1 $11) 15. Bd4 $16 Qc7 16. h3 Nh6 17. Ng5 (17. Bxc5 $16 Bxc5 18. Qa4) 17... Nf5 $11 18. Bxc5 Bxc5 19. g4 Be7 20. gxf5 Bxg5 21. Nf3 Bh6 22. fxe6 fxe6 23. Qa4 Bb7 (23... Bc8 $15) 24. Qxa7 $14 Ra8 25. Qc5 Bf4 26. Rfb1 Ra5 $2 {[%mdl 8192] [#]} (26... Ra4 $1 $11) 27. Qb6 $2 ({White has to play} 27. Rxb7 $1 $18 {[%mdl 512]} Rxc5 (27... Qxb7 28. Qxa5) 28. Rxc7) 27... Qxb6 $11 28. Rxb6 Ba8 29. a4 Kf7 30. Ra3 Ke7 31. Nd4 Bxe5 32. Nxc6+ Bxc6 33. Rxc6 Bd4 34. Rf3 Rxf3 (34... Rf6 {keeps more tension.} 35. Rd3 Rf4 36. Rd2 Rxa4 37. Re2 Rxf2 38. Rcxe6+ Kf7) 35. Bxf3 {The position is equal.} Rxa4 {[%mdl 4096] Endgame KRB-KRB} 36. Bg4 Ra1+ 37. Kg2 Re1 38. c5 Re5 39. Rc7+ Kd8 40. Rxg7 {Hoping for c6.} h5 $1 {[%cal Rh5g4]} 41. c6 {Black must now prevent Rd7+.} hxg4 {KRB-KR} 42. Rd7+ {[%mdl 64] [#] Double Attack} Ke8 {...gxh3+ is the strong threat.} 43. Rxd4 {aiming for c7.} gxh3+ 44. Kxh3 {Strongly threatening c7. KR-KR} Rc5 45. Rd6 Ke7 46. Rd7+ Ke8 47. Rc7 Kd8 48. Rd7+ Ke8 49. Rd6 Ke7 {Accuracy: White = 51%, Black = 50%.} 1/2-1/2

[Event "Kragero Resort Chess A 2019"]
[Site "Kragero"]
[Date "2019.02.23"]
[Round "6.16"]
[White "Vestby-Ellingsen, Mads"]
[Black "Birkisson, Bjorn Holm"]
[Result "1-0"]
[WhiteElo "2343"]
[BlackElo "2078"]
[Annotator "TA"]
[PlyCount "57"]
[EventDate "2019.02.20"]
[EventType "swiss"]
[EventCountry "NOR"]
[SourceTitle "playchess.com"]
[Source "ChessBase"]
[SourceQuality "1"]

{[%evp 22,57,44,42,82,71,83,55,97,86,85,83,94,98,108,125,153,120,276,217,333,187,311,154,518,482,1697,1535,2734,2391,29987,29988,29991,29991,29993,29994,29994,29995]} 1. d4 d5 2. c4 e6 3. Nc3 Be7 4. cxd5 exd5 5. Bf4 c6 6. e3 Bf5 7. g4 Bg6 8. h4 {[%cal Bh2h4,Bh4h5][%mdl 32] D31: Queen's Gambit Declined: Semi-Slav without ...Nf6 (+ Marshall Gambit and Noteboom) and Exchange Variation lines without ...Nf6} h6 9. h5 Bh7 10. Bd3 Bxd3 11. Qxd3 Nf6 12. f3 {LiveBook: 5 Games} a5 $146 ({Predecessor:} 12... Bd6 13. Nge2 Bxf4 14. Nxf4 Qd6 15. O-O-O Nbd7 {1-0 (38) Vitiugov,N (2722)-Zhou,J (2668) Ningbo 2010}) 13. Nge2 {[%cal Bg1e2,Be2g3,Bg3f5][%mdl 32]} Nbd7 14. Ng3 Nf8 15. Nf5 Ne6 16. O-O-O O-O 17. Nxh6+ gxh6 18. Bxh6 Re8 19. g5 {[%cal Bg4g5,Bg5g6][%mdl 1056] White has strong compensation.} Nd7 $2 (19... Ng4 $16 {keeps fighting.}) 20. g6 $18 {[#] Threatens to win with gxf7+.} f6 (20... f5 $142 21. Qxf5 Bf6) 21. Qf5 (21. Bf4 $142) 21... Bb4 (21... Bd6 $142 22. e4 a4) 22. Ne2 (22. Bf4 $18) 22... Qb6 $2 (22... Qe7 $16) 23. Nf4 Nxf4 (23... c5 $142 24. Nxd5 Qc6) 24. Bxf4 ({Worse is} 24. Qxd7 Re7 $15) 24... Re7 25. h6 c5 26. g7 {White mates.} Kf7 27. Qxd5+ Qe6 28. Qh5+ Kg8 29. Qg6 {Precision: White = 65%, Black = 17%.} 1-0

[Event "Kragero Resort Chess A 2019"]
[Site "Kragero"]
[Date "2019.02.23"]
[Round "6.17"]
[White "Fossan, Aleksander"]
[Black "Mikalsen, Erlend"]
[Result "0-1"]
[WhiteElo "2040"]
[BlackElo "2406"]
[Annotator "TA"]
[PlyCount "82"]
[EventDate "2019.02.20"]
[EventType "swiss"]
[EventCountry "NOR"]
[SourceTitle "playchess.com"]
[Source "ChessBase"]
[SourceQuality "1"]

{[%evp 10,82,25,26,31,33,37,16,28,0,0,0,0,-15,-6,-14,-22,-8,4,0,0,0,0,0,0,-8,-14,-23,0,0,0,0,-3,-15,-9,-13,-14,-14,-5,-9,0,-56,-17,-39,-17,-222,-198,-214,-192,-172,-110,-209,-178,-169,-162,-520,-516,-517,-488,-747,-760,-736,-739,-819,-821,-1506,-1474,-1380,-1394,-2212,-2025,-1739,-1667,-1491,-1224]} 1. e4 c5 2. c3 d5 3. exd5 Qxd5 4. d4 Nf6 5. Nf3 cxd4 6. cxd4 g6 {B22: Sicilian: 2 c3} 7. Nc3 Qd8 8. Be3 Bg7 {The position is equal.} 9. Be2 O-O 10. O-O Nd5 $146 ({Predecessor:} 10... Be6 11. Ng5 Bd5 12. Nxd5 Nxd5 13. Qb3 e6 14. Nf3 Nxe3 15. fxe3 Qe7 {0-1 (73) Afek,Y (2298)-Smeets,J (2628) Vlissingen 2011}) 11. Qb3 Nxe3 12. fxe3 Nc6 13. Rad1 {[%cal Ba1d1,Bd1c1,Bc1c5,Bc5b5][%mdl 32]} Qa5 14. a3 Rb8 15. Ne4 Bf5 16. Ng3 Bg4 17. Rc1 Be6 18. Qd3 Rfd8 19. b4 Qb6 20. Rc5 a5 21. Qe4 axb4 22. Rb5 Qa7 23. axb4 Qa2 24. Ng5 Bd5 $36 {[%mdl 2048] Black has the initiative.} 25. Qf4 ({White should try} 25. Rxd5 $11 Qxd5 26. Qh4) 25... f6 {...e5 is the strong threat.} 26. N5e4 Bf7 27. Nc5 $2 {[#]} (27. d5 $1 $11 {and White stays safe.} Ne5 28. d6 exd6 29. Nxf6+ Kh8 30. Qd4) 27... b6 $1 $19 {[%cal Rb6c5]} 28. d5 Na7 {[%cal Bc6a7,Ba7b5,Bb5d6,Bd6c4][%mdl 32]} (28... bxc5 29. dxc6 Rxb5 30. Bxb5 $11) (28... Bxd5 {[#]} 29. Na6 $1 $17 {[%mdl 512]}) ({And not} 28... Rxd5 29. Bc4 $11) ({Weaker is} 28... Qxd5 29. Nb7 $11) 29. Nd7 Rb7 (29... Ra8 $19 30. Bc4 Qc2) 30. Ne5 (30. Nc5 $17 Rbb8 31. Nd7) 30... Nxb5 31. Nxf7 Kxf7 32. Bc4 $2 (32. Bxb5 Kf8 33. Bc6) 32... Qa4 {Black is clearly winning.} 33. d6+ Kf8 34. Qe4 (34. Ne4 $142 Nxd6 35. Ng5) 34... Nxd6 35. Qd5 e6 36. Qxe6 Nxc4 37. Rxf6+ Bxf6 38. Qxf6+ Ke8 {aiming for ...Rd1+.} 39. Qe6+ Re7 40. Qg8+ Kd7 41. Qxc4 Qc6 {Accuracy: White = 42%, Black = 77%.} 0-1

[Event "Kragero Resort Chess A 2019"]
[Site "Kragero"]
[Date "2019.02.23"]
[Round "6.18"]
[White "Kizatbay, Abyl"]
[Black "Mihajlov, Sebastian"]
[Result "0-1"]
[WhiteElo "2084"]
[BlackElo "2357"]
[Annotator "TA"]
[PlyCount "76"]
[EventDate "2019.02.20"]
[EventType "swiss"]
[EventCountry "NOR"]
[SourceTitle "playchess.com"]
[Source "ChessBase"]
[SourceQuality "1"]

{[%evp 12,76,31,19,23,19,25,-8,0,0,0,0,0,0,0,0,24,18,33,23,73,59,137,35,188,7,64,49,62,0,0,0,0,0,0,-123,-124,-129,-133,-314,-318,-310,-291,-300,-261,-258,-256,-229,-229,-339,-362,-342,-335,-355,-338,-368,-371,-364,-360,-532,-527,-721,-721,-2139,-2121,-1391,-1375]} 1. e4 c5 2. Nf3 Nc6 3. Bb5 g6 4. Bxc6 dxc6 5. d3 Bg7 6. h3 Nf6 7. Nc3 Nd7 {B31: Sicilian: 2...Nc6 3 Bb5 g6} 8. O-O (8. Be3 e5 9. Qd2 h6 10. O-O b6 11. a3 Nf8 12. b4 Ne6 13. bxc5 f5 14. exf5 gxf5 15. Qe1 O-O 16. Rb1 e4 17. dxe4 {0-1 (36) Wang,H (2730)-Carlsen,M (2835) St Petersburg 2018}) 8... e5 9. Nh2 Nf8 {The position is equal.} 10. f4 exf4 11. Bxf4 Ne6 12. Be3 Nd4 13. Qd2 O-O 14. Rf2 $146 ({Predecessor:} 14. Nd1) 14... f5 15. Raf1 Qb6 16. Nd1 Rd8 ({Black should try} 16... fxe4 $14 17. Rxf8+ Bxf8) 17. Bh6 (17. c3 $16 Nb5 18. b4) 17... c4 $2 ({Black should play} 17... Bxh6 $14 18. Qxh6 c4) 18. Kh1 $2 ({White must play} 18. Bxg7 $18 Kxg7 19. c3) 18... cxd3 (18... Bxh6 $1 $11 19. Qxh6 cxd3 20. cxd3 Be6) 19. Bxg7 $14 Kxg7 20. Ng4 (20. Qxd3 $14 c5 21. Ne3 (21. exf5 Bxf5 22. Qc3 Qd6 $11)) 20... Ne2 $36 {[%mdl 2048] Black has the initiative.} (20... fxg4 21. Rf7+ Kh8 22. Qh6 gxh3 23. Qxh7#) 21. exf5 Ng3+ {[%mdl 64] Double Attack} 22. Kg1 {And now Qh6+ would win.} Bxf5 (22... Nxf1 $2 23. Qh6+ Kg8 24. fxg6 $18) 23. Qh6+ {[#]} (23. Qg5 $1 $11 {was the only way to keep the balance.} Ne2+ 24. Kh1 Ng3+ {[%mdl 64] Double Attack} 25. Kg1 Ne2+ 26. Kh1 Bxg4 27. Qf6+ Kh6 28. hxg4 Ng3+ {[%mdl 64] Double Attack} 29. Kg1 Ne2+ 30. Kh1 Ng3+ {[%mdl 64] Double Attack} 31. Kg1 Ne2+ 32. Kh1) 23... Kh8 $1 $17 24. Nde3 Qc7 ({Stronger than} 24... Nxf1 25. Nxf5 Qxb2 26. Nd6 $16) (24... Qxb2 25. cxd3 Qg7 26. Re1 $15) 25. Nxf5 $2 (25. Ra1 $17) 25... gxf5 $19 ({Less strong is} 25... Nxf5 26. Qg5 $17) 26. Re1 {White wants to play Qf6+.} fxg4 27. cxd3 gxh3 {Strongly threatening ...Rg8.} 28. Qf6+ Qg7 29. Qxg7+ Kxg7 30. Re7+ (30. Rf3 $142 Nh5 31. Re7+ Kg8 32. Rxh3) 30... Kg6 31. Re6+ Kg5 32. Re5+ Kg4 33. gxh3+ {[#]} Kh4 $1 34. Re7 h6 ({Much less strong is} 34... Rxd3 35. Rxh7+ Kg5 36. Rxb7 $19) 35. Rf4+ (35. Re6 $142) 35... Kxh3 {Black is clearly winning.} 36. Re6 h5 37. Re3 Rf8 38. Rf2 Rxf2 {Accuracy: White = 44%, Black = 47%.} 0-1